000
00314nam a22001457a 4500
020
_a
978-81-226-1389-6
082
_a
894.812.3
_b
SAR/A
100
_a
JOSEPH SARAH
245
_a
ALAHAYUDE PENMAKKAL
260
_a
THRISSUR
_b
CURRENT BOOKS
_c
2023
300
_a
176
520
_a
NOVEL
650
_a
NOVEL
942
_c
BK
999
_c
7183
_d
7183